00670nam a2200229 a 4500001001300000003000900013005001700022008004100039020000900080082001700089100002500106245002300131260004000154300000900194500003500203650002900238700002500267902000800292942000700300952011600307999001700423nice12345678IN_TiNIC20260116014328.0080609s2003 jala grp 000 0 urd  ac5000a297.64bANS2 aAnsari, Mohd Basheer aMuqaam-E-ahle-bait aJalalpur bJafari Kutub Khan c2003 a176p aincludes index and biblioraphy aMuhammad, Prophet-Family1 aAnsari, Mohd Basheer bSRS cBK 001040708StackRoom-aHMIbHMId2008-06-09g50.00l0o297.64 ANS2p022415r2008-06-09v50.00w2008-06-09yBK c14840d14840